000 00475nam a2200181Ia 4500
001 4543
005 20260306145803.0
008 260306t1978||||xx |||||||||||||| ||spa||
041 _aESP
082 _a324.2985
_bD31
100 _aDavies, Thomas M.
_eAUT
245 0 _a300 documentos para la historia del APRA:
_bconspiraciones apristas de 1935 a 1939
260 _c1978
300 _a468 páginas :
_c21cm.
650 _aGEN
654 _aCDE
942 _cLIB
_dJUS
_fJUS
_2ddc
_n
999 _c4543
_d4543